000 00937nam a2200253Ia 4500
003 OSt
005 20221005113302.0
006 a|||||r|||| 00| 0
007 ta
008 221004b |||||||| |||| 00| 0 urd d
020 _a8130202697 (hbk)
_c300
024 _a5633
037 _b710, 26/06/2013, H.K. Prakashan
_cTextual
040 _aCRL
_cCRL
_burd
041 _2urd
_aurd
082 _aO168,1N11x, 153Q0
100 _aਨਦੀਮ ਆਹਿਮਦ, ਨਦੀਮ, ੳਗ.
245 0 _aਕੁੱਲੀਯਾਤ ਏ ਸਾਹਿਰ ਲੁਧਿਆਣਵੀ
260 _aਪਟਿਆਲਾ
_bਪੰਜਾਬੀ ਯੂਨੀਵਰਸਿਟੀ ਭਾਰਤ
_c2010
300 _a330ਪੰ
_ccm.
650 _aਪੰਜਾਬੀ ਸਾਹਿਤ
942 _hO168,1N11x, 153Q0
_cTEXL
_2cc
999 _c1027650
_d1027650